Statistics for Ultimate Sitcom Character Quiz

Click here to take the quiz!

General Stats

  • This quiz has been taken 22 times
    (6 since last reset)
  • The average score is 39 of 200

Answer Stats

Answer% Correct
Raymond Holt
100%
Jake Peralta
80%
Michael
80%
Adrian Pimento
60%
Amy Santiago
60%
Angela Martin
60%
Charles Boyle
60%
Cheddar
60%
Donkey Doug
60%
Doug Judy
60%
Dwight Schrute
60%
Gina Linetti
60%
Jim Halpert
60%
John Kelly
60%
Judge Gen
60%
Keith "The Vulture" Pembroke
60%
Michael Hitchcock
60%
Michael Scott
60%
Norm Scully
60%
Oscar Martinez
60%
Rosa Diaz
60%
Ryan Howard
60%
Terry Jeffords
60%
Andy Bernard
40%
Andy Dwyer
40%
Ann Perkins
40%
April Ludgate
40%
Bad Janet
40%
Ben Wyatt
40%
Bob Vance
40%
Chidi Anagonye
40%
Creed Bratton
40%
Disco Janet
40%
Eleanor Shellstrop
40%
Erin Hannon
40%
Genevieve Mirren-Carter
40%
Holly Flax
40%
Janet
40%
Jan Levinson
40%
Jason Mendoza
40%
Karen Filippelli
40%
Karen Peralta
40%
Kevin Cozner
40%
Kevin Malone
40%
Leslie Knope
40%
Madeline Wuntch
40%
Mona-Lisa Saperstein
40%
Nellie Bertram
40%
Neutral Janet
40%
Nick
40%
Nikolaj Boyle
40%
Pam Beesly
40%
Pete Miller
40%
Phyllis Vance
40%
Roger Peralta
40%
Ron Swanson
40%
Roy Anderson
40%
Stanley Hudson
40%
Tahani Al-Jamil
40%
Teddy Wells
40%
Bill Dexhart
20%
Bill Hummertrout
20%
Bobby Newport
20%
Cagney Jeffords
20%
Carol Stills
20%
Charles Miner
20%
Chris Traeger
20%
Clark Green
20%
Craig Middlebrooks
20%
Darryl Philbin
20%
David Wallace
20%
Deangelo Vickers
20%
Derek
20%
Diane Lewis-Swanson
20%
Donna Meagle
20%
Donna Shellstrop
20%
Doug Forcett
20%
Douglass Howser
20%
Doug Shellstrop
20%
Fielding Milton
20%
Gabe Lewis
20%
Glenn
20%
Jason "C.J" Stentley
20%
Jean-Ralphio Saperstein
20%
Jeff the Doorman
20%
Jeremy Jamm
20%
Jerry Gergich
20%
Jo Bennet
20%
Kamilah Al-Jamil
20%
Kelly Kapoor
20%
Lacey Jeffords
20%
Larry Hemsworth
20%
Li'l Sebastian
20%
Lucy Santo Domingo
20%
Lynn Boyle
20%
Mark Brendanawicz
20%
Meredith Palmer
20%
Mose Schrute
20%
Orin
20%
Pillboi
20%
Robert California
20%
Sharon Jeffords
20%
Shawn
20%
Simone Garnett
20%
Tammy Swanson I
20%
Tammy Swanson II
20%
Toby Flenderson
20%
Tom Haverford
20%
Trudy Judy
20%
Vicky
20%
Acidcat
0%
Annabel Porter
0%
Bambadjan
0%
Barney Varmn
0%
Bob Annderson
0%
Brandi Maxxxx
0%
Brent Norwalk
0%
Brittany
0%
Caleb John Gosche
0%
Captain McGintley
0%
Cathy Simms
0%
Chef Patricia
0%
Chet
0%
Chris Baker
0%
Chuck
0%
Crazy Ira
0%
Darlene Linetti
0%
Dave Kattertrune
0%
Dave Sanderson
0%
DC Parlov
0%
Debbie Fogle
0%
Dennis Feinstein
0%
Detective Lohank
0%
Devon White
0%
Dr. Harris
0%
Dr Richard Nygard
0%
Dr. Saperstein
0%
Esther Breugger
0%
Ethel Beavers
0%
Fire Marshall Boone
0%
Frank O'Sullivan
0%
Fred Booth
0%
Gayle Gergich
0%
Greg Pikitis
0%
Gwendolyn
0%
Hank Doyle
0%
Helene Beesly
0%
Howard "The Douche" Tuttleman
0%
Hypatia of Alexandria
0%
Isabel Poreba
0%
Jack Danger
0%
Jack Dwyer
0%
Jeff Romero
0%
Jennifer Barkley
0%
Jimmy Figgis
0%
Joan Callamezzo
0%
John Wheaton
0%
Josh Porter
0%
Katy Moore
0%
Linda Lonegan
0%
Lonny Collins
0%
Luang
0%
Lynn
0%
Madison
0%
Manisha Al-Jamil
0%
Marlene Griggs-Knope
0%
Matt
0%
Maura Figgis
0%
Mayor Gunderson
0%
"Mean" Marge Bronigan
0%
Melanie Hawkins
0%
Millicent Gergich
0%
Mindy St. Claire
0%
Mlepnos
0%
Nate Nickerson
0%
Neil
0%
Nick Offerman
0%
Olivia Crawford
0%
Patricia Kattertrune
0%
Perd Hapley
0%
Robert Lipton
0%
Ron Dunn
0%
Seamus Murphy
0%
Shauna Malwae-Tweep
0%
Sophia Perez
0%
Todd Packer
0%
Toddrick
0%
Trevor
0%
Typhoon Montalban
0%
Uzo
0%
Val
0%
Val Johnson
0%
Veronica Hopkins
0%
Vivian Ludley
0%
Waqas Al-Jamil
0%
Warden Granville
0%
Wendy Haverford
0%
Ziek Schrute
0%

Score Distribution

Percentile by Number Answered

Percent of People with Each Score

Your Score History

You have not taken this quiz since the last reset